| 000 | 01100cam a22002775a 4500 | ||
|---|---|---|---|
| 999 |
_c16257 _d16257 |
||
| 003 | EG-ScBUE | ||
| 005 | 20200119125320.0 | ||
| 008 | 111124s1979 ua f 000 0m ara d | ||
| 040 |
_aEG-ScBUE _bara _erda _cEG-ScBUE _dEG-ScBUE |
||
| 043 | _af-ua--- | ||
| 082 | 0 | 4 |
_a892.709962 _bم ا هـ _222 |
| 100 | 1 |
_aماهر، مصطفى، _d1936- _eمؤلف. |
|
| 245 | 1 | 0 |
_aألوان من الأدب المصري الحديث : _bفي القصة القصيرة، المقال، الشعر / _cاختيار مصطفى ماهر، حلمي مراد، يوسف الشاروني. |
| 264 | 1 |
_a[القاهرة] : _bدار كتابي، _c[1979] |
|
| 300 |
_a407 صفحة ؛ _c22 سم |
||
| 336 |
_2rdacontent _aنص _btxt |
||
| 337 |
_2rdamedia _aبدون وسيط _bn |
||
| 338 |
_2rdacarrier _aمجلد _bnc |
||
| 590 | _anadeen magdy | ||
| 650 | 7 |
_aالأدب العربي _zمصر _vمجموعات. _2BUEsh _927868 |
|
| 653 |
_cNovember2011 _cJuly2019 |
||
| 655 | _vReading book | ||
| 700 | 1 |
_aمراد، حلمي، _eمؤلف. |
|
| 700 | 1 |
_aشاروني، يوسف، _d1924- _eمؤلف. |
|
| 942 |
_2ddc _cBB |
||